00489nam a2200145 a 4500008004100000020001800041050001800059100001800077245007900095260003600174300001700210650004400227650004300271700002900314130321s1997 ||||||||||||||||| || u a9781868259229 aQK 491.A3 Van avan Wyk, Piet10aField guide to trees of Southern Africacby Braam van Wyk and Piet van Wyk aCape Town:bStruik Naturec1997 a536p. : ill. aTREES--AFRICA, SOUTHERN--IDENTIFICATION aTREES--AFRICA--HANDBOOKS, MANUALS, ETC avan Wyk, Abraham (Braam)